Poesia (Record no. 2022)

MARC details
000 -Etiqueta do registo
Valores 00621cam a2200241 04500
010 ## - Número ISBN
ISBN 9789899130630
021 ## - Número do Depósito Legal
Código do país Portugal
Número 552986/25
100 ## - Dados gerais de processamento
Dados gerais 20251216d2025 m||y0pory5003 ba
101 ## - Língua de publicação
Língua Português
102 ## - País de publicação
País Portugal
200 ## - Titulo e menção de responsabilidade
Título próprio Poesia
Primeira menção de responsabilidade Afonso Lopes Vieira
205 ## - Menção da edição
Edição 1ª edição
210 ## - Publicação
Local de publicação [s.l]
Nome do editor Hugo Xavier e Suzana Ramos
Data de publicação 2025
215 ## - Descrição física 
Paginação / Volumes 715 p.
Dimensões 24 cm
300 ## - Notas gerais 
Texto da nota BMB-Registado
606 ## - Nome comum usado como assunto
ID Autoridade 776
Palavra de ordem Literatura Portuguesa
606 ## - Nome comum usado como assunto
ID Autoridade 1613
Palavra de ordem Poesia
675 ## - CDU
Notação 821.134.3-1
Edição BMB
Língua por
700 ## - Autor principal (pessoa individual)
Apelido Vieira
Nome Afonso Lopes
Datas 1878-1946
ID Autoridade 2894
801 ## - Fonte de origem
País PT
Agência BMB
Regras de catalogação RPC
990 ## - Elementos KOHA
Tipo de documento Livro
Holdings
Situação do levantamento Estado Número Biblioteca de origem Código de barras Cota Permissão de empréstimo Tipo de documento Forma de aquisição
    1 Biblioteca Municipal de Borba 1972 821.134.3-1 VIE / POE   Livro Oferta
Biblioteca Municipal de Borba

Powered by Koha